ბათუმის შოთა რუსთაველის სახელმწიფო უნივერსიტეტის ბიბლიოთეკა

Азия и Африка сегодня. № 3. 2016 (ბიბ.ჩანაწერი № 52107)

000 -LEADER
fixed length control field 00559nam a2200205Ia 4500
001 - CONTROL NUMBER
control field 19114
003 - CONTROL NUMBER IDENTIFIER
control field GE_BSU
008 - FIXED-LENGTH DATA ELEMENTS--GENERAL INFORMATION
fixed length control field 181216s||||||||xx |||||||||||||| ||und||
040 ## - CATALOGING SOURCE
Transcribing agency GE_BSU
245 ## - TITLE STATEMENT
Title Азия и Африка сегодня. № 3. 2016
245 ## - TITLE STATEMENT
Statement of responsibility, etc. Гл.ред.Васильев А.В.
250 ## - EDITION STATEMENT
Edition statement Ежемесячный журнал
260 ## - PUBLICATION, DISTRIBUTION, ETC.
Place of publication, distribution, etc. Mосква.
260 ## - PUBLICATION, DISTRIBUTION, ETC.
Name of publisher, distributor, etc. Наука
260 ## - PUBLICATION, DISTRIBUTION, ETC.
Date of publication, distribution, etc. 2016
300 ## - PHYSICAL DESCRIPTION
Extent 80стр,ил,29см
653 ## - INDEX TERM--UNCONTROLLED
Uncontrolled term Азия и Африка
653 ## - INDEX TERM--UNCONTROLLED
Uncontrolled term პერიოდიკა
942 ## - ADDED ENTRY ELEMENTS (KOHA)
Koha item type პერიოდიკა
ეგზემპლარები
Withdrawn status Lost status Damaged status Not for loan Date acquired Barcode Date last seen Price effective from Koha item type
        2018-12-17 p77620 2018-12-17 2018-12-17 პერიოდიკა